000 00332 a2200157 4500
001 161917
020 _a84-87099-31-9
040 _cMagnum
100 _aMiguel, Lourdes
240 1 0 _aPoderoso caballero
_lESP
245 1 0 _aPoderoso caballero
300 _a58
362 0 _a1995
697 _aLITERATURA ESPANHOLA
942 _cBK
999 _c161917
_d161917